A Study of Responding to Dispraise in English and Vietnamese /

Introduction; Literature review and theoretical background; Method and procedure...

সংরক্ষণ করুন:
গ্রন্থ-পঞ্জীর বিবরন
প্রধান লেখক: Nguyễn Trường Sơn
অন্যান্য লেখক: Luu Quy Khuong, Assoc. Prof. Dr., huong dan
বিন্যাস: গবেষণাপত্র
ভাষা:English
প্রকাশিত: 2011.
বিষয়গুলি:
ট্যাগগুলো: ট্যাগ যুক্ত করুন
কোনো ট্যাগ নেই, প্রথমজন হিসাবে ট্যাগ করুন!
Thư viện lưu trữ: Mạng thư viện Đại học Đà Nẵng
LEADER 01337na a2200361 4500
001 000031708
003 6932
005 20221206110537.0
008 151001s2011 000 eng
040 |a LNN 
041 |a ENG 
082 |a 420.4  |b NG-S 
100 |a Nguyễn Trường Sơn 
245 2 |a A Study of Responding to Dispraise in English and Vietnamese /  |c Nguyễn Trường Sơn. 
260 |c 2011. 
300 |a 94tr. : mh ; 30cm. 
502 |a Master thesis in the English language. 
520 |a Introduction; Literature review and theoretical background; Method and procedure... 
650 |a A Study of Responding to Dispraise in English and Vietnamese 
700 |a Luu Quy Khuong,  |b Assoc. Prof. Dr.,  |c huong dan 
852 |c Luận văn Thạc sĩ 
OWN |a LNN 
AVA |a UDN50  |b LNN  |c English  |d 420.4 NG-S  |e available  |t Error 5001 Not defined in file expand_doc_bib_avail.  |f 1  |g 0  |h N  |i 0  |j AN  |k 1 
999 |a From the UDN01 
AVA |a UDN50  |b LNN  |c English  |d 420.4 NG-S  |e available  |t Error 5001 Not defined in file expand_doc_bib_avail.  |f 1  |g 0  |h N  |i 0  |j AN  |k 1 
TYP |a Dissertation 
TYP |a Printed language 
980 |a Mạng thư viện Đại học Đà Nẵng